00370nam a2200145Ia 4500008004100000020001800041050001600059100001600075245002800091245005200119260001500171260001300186260000900199300001600208170918s9999 xx 000 0 und d a9780312427122 bH693wo 1997 aHoeg, Peter 4aThe woman and the ape / cby Peter Hoeg ; translated by Barbara Haveland. aNew York : bPicador, c1997 a261 pages :